| 000 | 02075nam a2200253 a 4500 | ||
|---|---|---|---|
| 001 | BRCA_8712 | ||
| 005 | 20190320210357.0 | ||
| 008 | 030217s1778----sp-#######---#000-0#spa-# | ||
| 041 | _aspa | ||
| 044 | _asp | ||
| 084 |
_aBE53 _b.G35 1778 |
||
| 100 | 1 |
_aGallo y Fuentes, Nicolas _d1690 - 1757 _921705 |
|
| 245 | 1 | 0 |
_aPlaticas predicadas _cpor el P.D. Nicolas Gallo Prebistero de la Congregacion del Salvador del mundo de Madrid; de orden, y á presencia del Eminentisimo Señor D. Diego de Astorga, Cardenal de la Santa Romana Iglesia, y Arzobispado de Toledo, à los Eclesiásticos de Madrid, y del Arzobispado, en que se les exponen todo sus obligaciones en quanto Sacerdotes, Predicadores, y Confesores, con una instrucción práctica correspondiente á cada uno de estos Ministerios. |
| 260 |
_aMadrid _bEn la Oficina de D. Manuel Martin _c1778 |
||
| 300 |
_a[6], 366 p. _c21 x 14.5 cm |
||
| 500 | _aEn portada: Las da a luz D. Francisco Ignacio de Cortines, Fiscal de las Reales Acequias de Xorama y Colmenar, Abogado del Colegio de esta Corte, Individuo de la Real Sociedad Económica Matritense de Amigos del País, y de la Real Academia de Buenas Letras de Sevilla, &c. | ||
| 500 | _aCon marca de fuego: “Procedencia de la marca: Convento de San Francisco de Querétaro(1). Institución: Orden de Frailes Menores. Provincia de San Pedro y San Pablo de Michoacán. Descripción: Monograma: Letras iniciales S[an] F[rancisco] D[e] Q[uerétar]o. Observaciones: David Saavedra la asigna a la Academia de Dibujo de San Fernando de Querétaro; Carlos Krausse al Colegio de Propaganda Fide de San Fernando de México. Ubicación de la marca en el libro: Canto superior, inferior y frontal” | ||
| 500 | _aEstado físico: presenta encuadernación en pergamino y lomo semi desprendido | ||
| 650 | 1 | 4 |
_aTeología pastoral _yS. XVIII _921706 |
| 700 | 1 |
_aCortines, Francisco Ignacio de _921707 |
|
| 856 | _ahttp://www.marcasdefuego.buap.mx:8180/xmLibris/projects/firebrand/item.jsp?repository=marcas_de_fuego&key=6faee58a.xml&num=15 | ||
| 902 | _aCFM | ||
| 942 |
_2lcc _cB |
||
| 999 |
_c8364 _d8364 |
||